LEADER 01488nas 2200529-a 450 001 996205347103316 005 20240114213020.0 035 $a(DE-599)ZDB2645835-4 035 $a(OCoLC)772140901 035 $a(CKB)2670000000127878 035 $a(CONSER)--2012250677 035 $a(EXLCZ)992670000000127878 100 $a20120110a200u9999 --- - 101 0 $aeng 135 $aur|n||||||||| 181 $ctxt$2rdacontent 182 $cc$2rdamedia 183 $acr$2rdacarrier 200 10$aActas urologicas españolas 205 $aEnglish ed. 210 $aMadrid $cElsevier España 215 $a1 online resource 300 $aRefereed/Peer-reviewed 311 $a2173-5786 517 1 $aActas Urol Esp 517 1 $aSpanish urological minutes 531 10$aActas Urol Esp (Engl Ed) ?2 dnlm 606 $aUrology$vPeriodicals 606 $aUrology$2fast$3(OCoLC)fst01163033 606 $aUrologia$vRevistes$2lemac 606 $aUrologic Diseases 608 $aFulltext. 608 $aInternet Resources. 608 $aPeriodicals. 608 $aPeriodicals.$2fast 608 $aPeriodical. 615 0$aUrology 615 7$aUrology. 615 7$aUrologia 615 12$aUrologic Diseases. 676 $a616.6 712 02$aAsociación Española de Urología. 712 02$aConfederación Americana de Urología. 906 $aJOURNAL 912 $a996205347103316 996 $aActas urologicas españolas$91976408 997 $aUNISA